00514nam a2200133Ia 4500008004100000100001300041245007000054245010600124260005300230260000900283300001200292650001500304856006100319170221s9999 xx 000 0 und d aElena Yu aMethodology for Collaborative Management of Makarenko and Adizes  cElena Yu. Ilaltdinova, Irina V. Lebedeva, Svetlana V. Frolova, Ramila U. Arifulina, Sergey I. Aksenov bInternational Review of Management and Marketing c2016 a15 : 11 xMarketing. uhttp://www.econjournals.com/index.php/irmm/issue/view/83